Escritoras del exilio. (Record no. 14995)

MARC details
000 -LEADER
campo de control de longitud fija 01452nam a2200337 i 4500
001 - NÚMERO DE CONTROL
campo de control 14995
003 - IDENTIFICADOR DE NÚMERO DE CONTROL
campo de control ES-MaACL
005 - FECHA Y HORA DE LA ÚLTIMA TRANSACCIÓN
campo de control 20240603181314.0
007 - CAMPO FIJO DE DESCRIPCIÓN FÍSICA--INFORMACIÓN GENERAL
campo de control de longitud fija t|
008 - DATOS DE LONGITUD FIJA--INFORMACIÓN GENERAL
campo de control de longitud fija 991124s1999 sp ||||1| spa d
020 ## - NÚMERO INTERNACIONAL ESTÁNDAR DEL LIBRO
Número Internacional Estándar del Libro 84-921880-1-4
080 ## - NÚMERO DE LA CLASIFICACIÓN DECIMAL UNIVERSAL
Número de la Clasificación Decimal Universal 821.134.2 Champourcin, Ernestina de 1.06
080 ## - NÚMERO DE LA CLASIFICACIÓN DECIMAL UNIVERSAL
Número de la Clasificación Decimal Universal 821.134.2 Chacel, Rosa 1.06
080 ## - NÚMERO DE LA CLASIFICACIÓN DECIMAL UNIVERSAL
Número de la Clasificación Decimal Universal 821.134.2 Zardoya, Concha 1.06
245 00 - MENCIÓN DEL TÍTULO
Título Escritoras del exilio.
260 ## - PUBLICACIÓN, DISTRIBUCIÓN, ETC.
Lugar de publicación, distribución, etc. Madrid :
Nombre del editor, distribuidor, etc. Fundación Españoles en el Mundo,
Fecha de publicación, distribución, etc. 1999.
300 ## - DESCRIPCIÓN FÍSICA
Extensión 32 p. :
Otras características físicas il. ;
Dimensiones 27 cm.
490 1# - MENCIÓN DE SERIE
Mención de serie Cuadernos de la Fundación Españoles en el Mundo ;
Designación de volumen o secuencia 20
505 8# - NOTA DE CONTENIDO CON FORMATO
Nota de contenido con formato Contiene: Ernestina de Champourcin: poesía y trascendencia / por Acacia Uceta Mallo . Rosa Chacel: una mujer progresista / por María Peñarrubia Pérez . Concha Zardoya: creación literaria / por Acacia Domínguez
600 14 - PUNTO DE ACCESO ADICIONAL DE MATERIA--NOMBRE DE PERSONA
Nombre de persona Champourcin, Ernestina de,
Fechas asociadas al nombre 1905-1999-
Subdivisión general Crítica e interpretación
9 (RLIN) 37934
600 14 - PUNTO DE ACCESO ADICIONAL DE MATERIA--NOMBRE DE PERSONA
Nombre de persona Chacel, Rosa,
Fechas asociadas al nombre 1898-1994-
9 (RLIN) 37752
Subdivisión general Crítica e interpretación
600 14 - PUNTO DE ACCESO ADICIONAL DE MATERIA--NOMBRE DE PERSONA
Nombre de persona Zardoya, Concha,
Fechas asociadas al nombre 1914-2004-
Subdivisión de forma Crítica e interpretación
9 (RLIN) 118072
700 1# - ENTRADA AGREGADA--NOMBRE PERSONAL
Nombre de persona Uceta, Acacia,
Fechas asociadas al nombre 1925-2002
9 (RLIN) 111853
700 1# - ENTRADA AGREGADA--NOMBRE PERSONAL
Nombre de persona Peñarrubia Pérez, María.
9 (RLIN) 90319
700 1# - ENTRADA AGREGADA--NOMBRE PERSONAL
Nombre de persona Domínguez, Acacia.
9 (RLIN) 45151
710 2# - ENTRADA AGREGADA--NOMBRE DE ENTIDAD CORPORATIVA
Nombre de entidad corporativa o nombre de jurisdicción como elemento de entrada Fundación Españoles en el Mundo.
9 (RLIN) 4290
830 1# - PUNTO DE ACCESO ADICIONAL DE SERIE-TÍTULO UNIFORME
Título uniforme Cuadernos de la Fundación Españoles en el Mundo ;
Designación de volumen o secuencia 20
9 (RLIN) 179150
852 4# - LOCALIZACIÓN
Ubicación ES-MaACL
Número de control de estantería L-22117
942 ## - ELEMENTOS DE ENTRADA SECUNDARIOS (KOHA)
Fuente del sistema de clasificación o colocación Clasificación decimal universal
Holdings
Estatus retirado Estado de pérdida Estado de daño No para préstamo Biblioteca de origen Biblioteca actual Ubicación en estantería Fecha de adquisición Fuente de adquisición Total de préstamos Signatura topográfica completa Código de barras Visto por última vez Precio de reemplazo Tipo de ítem Koha
        Biblioteca del Ateneo de Madrid Biblioteca del Ateneo de Madrid Depósito 2 17/01/2008     L-22117 1015249 23/02/2023 23/02/2023 Libro impreso